1078 1236 1850 1939 1102 1302 1066 1071 1474 1864 1937 1594 1940 1247 1670 1066 1029 1251 1917 1749 1418 1755 1627 1657 1324 1769 1002 1654 1199 1667 1231 1618 1035 1140 1059 1971 1940 1962 1552 1667 1140 1136 1799 1084 1690 1868 1484 1182 1354 1472 1210 1892 1168 1716 1472 1596 1818 1755 1522 1614 1591 1132 1967 1594 1637 1734 1508 1997 1479 1396 1094 1564 1725 1527 1157 1458 1623 1822 1905 1909 1481 1389 1268 1665 1097 1699 1052 1103 1580 1023 1772 1485 1071 1984 1724 1518 1535 1193 1292 BCNSPRNW ULIB Ver.6.0+V

เปลี่ยนเป็นภาษาไทย

Change to English
 แสดงรายละเอียดบรรณานุกรม
  กลับหน้าหลัก

Brief Record : Get Marc (ISO 2709) : E-mail record : QR code < ปิดหน้าต่าง
LEADER : 00000nam 2200000uu 4500
001    13399122254
003     ULIB
008    110425s||||||||th 000 0 tha d
020    9786167322421
060 04 WK810^bน139ก
100 0  นงนุช โอบะ
245 00 การสร้างเสริมสุขภาพและป้องกันโรคเบาหวาน /^cนงนุช โอบะ
250    พิมพ์ครั้งที่ 1
260    พิษณุโลก :^bคณะพยาบาลศาสตร์ มหาวิทยาลัยนเรศวร,^c2555
300    236 หน้า
650  7 เบาหวาน, โรค
650  7 เบาหวาน, โรค^xการสร้างเสริม
710 2  มหาวิทยาลัยนเรศวร.^bคณะพยาบาลศาสตร์
945    ^p120^l0^i033404
995    ทศพร
999 ^a ใช้งานได้ทุกระบบ
รายการนี้ยังไม่มีแท็ก
คุณยังไม่ได้ล็อกอิน คุณสามารถมีกิจกรรมร่วมกับเว็บไซต์ได้ แต่ต้องล็อกอินก่อน ::
  ล็อกอิน

รายการสื่อสารสนเทศ

ลำดับที่ ประเภท เลขเรียก/บาร์โค้ด สถานที่ สถานะ
1. วิทยาศาสตร์การแพทย์ และสุขภาพ
วิทยาศาสตร์การแพทย์ และสุขภาพ
สถานะ=หนังสือเก่า
WK810 น139ก ฉ.1 
  Barcode: 033404
ห้องสมุดวิทยาเขตนครสวรรค์
►ส่วนจัดเก็บหนังสือเก่า นว.
บนชั้น
  ขอยืม

รายการใกล้เคียง
    ผู้แต่ง [นงนุช โอบะ]

    หัวเรื่อง [เบาหวาน, โรค]

BibComment


ยังไม่เคยถูกคอมเมนท์

คอมเมนท์ทรัพยากรรายการนี้
  คอมเมนท์: การสร้างเสริมสุขภ..


 Copyright 2026. Bcnsprnw @Library